<?xml version="1.0" encoding="UTF-8"?>
<record
    xmlns:xsi="http://www.w3.org/2001/XMLSchema-instance"
    xsi:schemaLocation="http://www.loc.gov/MARC21/slim http://www.loc.gov/standards/marcxml/schema/MARC21slim.xsd"
    xmlns="http://www.loc.gov/MARC21/slim">

  <leader>00643nam a2200217 a 4500</leader>
  <controlfield tag="001">21242</controlfield>
  <controlfield tag="003">BD-RjUL</controlfield>
  <controlfield tag="005">20211209000650.0</controlfield>
  <controlfield tag="008">140303r19651963enk      b    001 1 eng d</controlfield>
  <datafield tag="035" ind1=" " ind2=" ">
    <subfield code="a">(BD-RjUL)</subfield>
  </datafield>
  <datafield tag="040" ind1=" " ind2=" ">
    <subfield code="a">XNTU</subfield>
    <subfield code="b">eng</subfield>
    <subfield code="c">XNTU</subfield>
    <subfield code="d">XNTU</subfield>
    <subfield code="d">BD-RjUL</subfield>
  </datafield>
  <datafield tag="041" ind1=" " ind2=" ">
    <subfield code="a">eng</subfield>
  </datafield>
  <datafield tag="082" ind1="0" ind2="4">
    <subfield code="a">821.4</subfield>
    <subfield code="b">RIM 1965</subfield>
  </datafield>
  <datafield tag="100" ind1="1" ind2=" ">
    <subfield code="a">Ricks, Christopher,</subfield>
    <subfield code="d">1933-</subfield>
    <subfield code="9">57324</subfield>
  </datafield>
  <datafield tag="245" ind1="1" ind2="0">
    <subfield code="a">Milton's grand style /</subfield>
    <subfield code="c">by Christopher Ricks.</subfield>
  </datafield>
  <datafield tag="260" ind1=" " ind2=" ">
    <subfield code="a">Oxford :</subfield>
    <subfield code="b">Clarendon,</subfield>
    <subfield code="c">c1963 [reprinted 1965].</subfield>
  </datafield>
  <datafield tag="300" ind1=" " ind2=" ">
    <subfield code="a">154 p. ;</subfield>
    <subfield code="c">23 cm.</subfield>
  </datafield>
  <datafield tag="504" ind1=" " ind2=" ">
    <subfield code="a">Includes bibliographical references and index.</subfield>
  </datafield>
  <datafield tag="600" ind1="1" ind2="0">
    <subfield code="a">Milton, John,</subfield>
    <subfield code="d">1608-1674.</subfield>
    <subfield code="9">65673</subfield>
  </datafield>
  <datafield tag="942" ind1=" " ind2=" ">
    <subfield code="2">ddc</subfield>
    <subfield code="c">BK</subfield>
  </datafield>
  <datafield tag="999" ind1=" " ind2=" ">
    <subfield code="c">21242</subfield>
    <subfield code="d">21242</subfield>
  </datafield>
  <datafield tag="952" ind1=" " ind2=" ">
    <subfield code="0">0</subfield>
    <subfield code="1">0</subfield>
    <subfield code="2">ddc</subfield>
    <subfield code="4">0</subfield>
    <subfield code="7">0</subfield>
    <subfield code="8">FIC</subfield>
    <subfield code="a">RUCL</subfield>
    <subfield code="b">RUCL</subfield>
    <subfield code="c">Stack</subfield>
    <subfield code="d">1973-02-04</subfield>
    <subfield code="e">Oxford University press.</subfield>
    <subfield code="g">30.80</subfield>
    <subfield code="l">0</subfield>
    <subfield code="o">821.4 RIM 1965</subfield>
    <subfield code="r">2014-03-04 00:00:00</subfield>
    <subfield code="t">C-2</subfield>
    <subfield code="w">2014-03-04</subfield>
    <subfield code="y">BK</subfield>
  </datafield>
  <datafield tag="952" ind1=" " ind2=" ">
    <subfield code="0">0</subfield>
    <subfield code="1">0</subfield>
    <subfield code="2">ddc</subfield>
    <subfield code="4">0</subfield>
    <subfield code="7">0</subfield>
    <subfield code="8">NFIC</subfield>
    <subfield code="a">RUCL</subfield>
    <subfield code="b">RUCL</subfield>
    <subfield code="c">Stack</subfield>
    <subfield code="d">1974-05-09</subfield>
    <subfield code="e">Oxford University press</subfield>
    <subfield code="g">30.80</subfield>
    <subfield code="l">0</subfield>
    <subfield code="o">821.4 RIM 1965</subfield>
    <subfield code="r">2020-03-10 00:00:00</subfield>
    <subfield code="t">C-3</subfield>
    <subfield code="w">2020-03-10</subfield>
    <subfield code="y">BK</subfield>
  </datafield>
</record>
